[Event "Club Championships"]
[Site "Wellington Chess Club"]
[Date "2014.10.23"]
[Round "5"]
[White "Wilkins, Mark"]
[Black "Jackson, Ross"]
[Result "1/2-1/2"]
[WhiteElo "1886"]
[BlackElo "1984"]

1. d4 Nf6 2. Bg5 e6 3. e4 Be7 4. Bd3 c5 5. e5 Nd5 6. Bxe7 Qxe7 7. Qg4 g6 8. Ne2
Nc6 9. c3 cxd4 10. cxd4 Qb4+ 11. Nd2 Nxe5 12. Qe4 Nxd3+ 13. Qxd3 b6 14. O-O a5
15. a3 Qe7 16. Rfc1 O-O 17. Nc3 Nxc3 18. Rxc3 Ba6 19. Qg3 Rfc8 20. Rac1 d5 21.
Nf3 Rxc3 22. Rxc3 Rc8 23. Rxc8+ Bxc8 24. Qb8 Qb7 25. Qd6 f6 26. h4 Bd7 27. Qe7
f5 28. Ng5 Bc8 {draw agreed} 1/2-1/2

[Event "Club Championships"]
[Site "Wellington Chess Club"]
[Date "2014.10.30"]
[Round "6"]
[White "Bennett, Ezra"]
[Black "Collings, Alex"]
[Result "1-0"]
[WhiteElo "1236"]
[BlackElo "1203"]

1. d4 d5 2. c4 dxc4 3. e4 Nc6 4. Nf3 e5 5. d5 Nb4 6. Bxc4 Bg4 7. Bd2 Nf6 8. Nc3
c6 9. Qa4 Rb8 10. Nxe5 b5 11. Nxb5 Be7 12. dxc6 Nxe4 {moves missing here. White
won quickly} 1-0

[Event "Club Championships"]
[Site "Wellington Chess Club"]
[Date "2014.10.30"]
[Round "6"]
[White "Brockway, Andrew"]
[Black "Farrington, Lawrence"]
[Result "1/2-1/2"]
[BlackElo "1852"]
[EventDate "2014.10.30"]
[WhiteElo "1784"]

1. e4 e5 2. Nf3 Nf6 3. Nxe5 d6 4. Nf3 Nxe4 5. Nc3 Nxc3 6. dxc3 Nc6 7. Be3 Be7
8. Qd2 Bf5 9. Bd3 Bxd3 10. cxd3 Qd7 11. O-O Bf6 12. Bg5 O-O-O 13. Rfe1 Rde8 14.
Rxe8+ Rxe8 15. Bxf6 gxf6 16. Re1 Ne5 17. Nxe5 fxe5 18. Qe3 Kb8 19. Qd2 f5 20.
Kf1 Qf7 21. b4 f4 22. f3 Kc8 23. c4 Qh5 24. h3 Qg6 25. Re4 Qg3 26. Qf2 Qxf2+
27. Kxf2 c6 28. d4 Kd7 29. dxe5 dxe5 30. Re2 Ke6 31. Rd2 Re7 32. Ke2 Rg7 33.
Kf2 Re7 34. Ke2 b6 35. a3 Rg7 1/2-1/2

[Event "Club Championships"]
[Site "Wellington Chess Club"]
[Date "2014.10.30"]
[Round "6"]
[White "Coghini, Phillip"]
[Black "Cunningham, Patrick"]
[Result "1-0"]
[WhiteElo "1747"]
[BlackElo "1734"]

1. d4 d5 2. c4 e6 3. Nc3 Nf6 4. Bg5 Be7 5. e3 O-O 6. Bd3 Nc6 7. a3 dxc4 8. Bxc4
Nd5 9. Bxe7 Ncxe7 10. Nge2 Nb6 11. Bd3 c6 12. O-O Qc7 13. f4 Nbd5 14. Qd2 b5
15. e4 Nxc3 16. bxc3 a5 17. Rf3 c5 18. Bxb5 cxd4 19. cxd4 Bb7 20. Bd3 Rfd8 21.
Rc1 Qd6 22. e5 Qxa3 23. Bxh7+ 1-0

[Event "Club Championships"]
[Site "Wellington Chess Club"]
[Date "2014.10.30"]
[Round "6"]
[White "Forster, Bill"]
[Black "Nijman, Brian"]
[Result "1-0"]
[WhiteElo "2081"]
[BlackElo "2180"]

1. Nf3 d5 2. c4 dxc4 3. Na3 c3 4. bxc3 g6 5. g3 Bg7 6. Bg2 c6 7. O-O Na6 8. d4
Qa5 9. Qd3 Nf6 10. Nc4 Qa4 11. e4 O-O 12. Nfe5 c5 13. Nb2 Qa5 14. Nec4 Qd8 15.
d5 b5 16. Ne5 Nc7 17. Nc6 Qd7 18. Be3 c4 19. Qc2 e6 20. Bc5 exd5 21. Bxf8 Kxf8
22. exd5 Nfxd5 23. Nd4 Bxd4 24. cxd4 Rb8 25. Rfe1 Ne6 26. Qe4 Bb7 27. Qe5 Kg8
28. Qxb8+ 1-0

[Event "Club Championships"]
[Site "Wellington Chess Club"]
[Date "2014.10.30"]
[Round "6"]
[White "Jackson, Ross"]
[Black "Aldridge, Alan"]
[Result "1-0"]
[WhiteElo "1984"]
[BlackElo "1951"]

1. d4 Nf6 2. c4 e6 3. Nc3 Bb4 4. Nf3 O-O 5. Bg5 h6 6. Bh4 d5 7. e3 c5 8. a3
Bxc3+ 9. bxc3 Nbd7 10. cxd5 exd5 11. Nd2 Qa5 12. Qc2 cxd4 13. cxd4 Ne4 14. f3
Nxd2 15. Qxd2 Qxd2+ 16. Kxd2 g5 17. Bg3 f5 18. Bd3 Nb8 19. Rac1 Nc6 20. Rc5 Be6
21. Rb1 Rf7 22. Bb5 Rc8 23. Rbc1 f4 24. Bf2 Ne7 25. Rxc8+ Nxc8 26. exf4 Nd6 27.
Bf1 gxf4 28. Re1 Re7 29. Bh4 Re8 30. Bf6 h5 31. Be5 Nf5 32. g3 fxg3 33. hxg3
Ng7 34. Bb5 Re7 35. Bf6 Rf7 36. Bxg7 Kxg7 37. Rxe6 Rxf3 38. Re3 Rf2+ 39. Be2
1-0

[Event "Club Championships"]
[Site "Wellington Chess Club"]
[Date "2014.10.30"]
[Round "6"]
[White "Lamerton, Troy"]
[Black "List, Robert"]
[Result "0-1"]
[WhiteElo "1731"]
[BlackElo "1724"]

1. d4 c6 2. Nf3 d5 3. Bf4 Nf6 4. e3 Nbd7 5. Nbd2 Nh5 6. Bg5 h6 7. Bh4 g5 8. Ne5
Ng7 9. Bg3 Nxe5 10. Bxe5 f6 11. Bg3 h5 12. h3 h4 13. Bh2 Bf5 14. Be2 e6 15. c3
Bd6 16. Bxd6 Qxd6 17. Qb3 Qc7 18. c4 Bg6 19. O-O f5 20. cxd5 exd5 21. Bd3 Bh5
22. Rac1 Qd7 23. f3 O-O 24. Qc2 Rae8 25. e4 dxe4 26. Qc4+ Bf7 27. Qc3 exd3 28.
b3 Ne6 29. f4 Qxd4+ 30. Kh2 Qxc3 31. Rxc3 Nxf4 32. Nf3 Re2 33. Rg1 Rxa2 34. Rf1
Nxg2 35. Rxd3 Ne3+ 36. Kg1 Nxf1 37. Nxg5 Ng3 38. Rd7 b6 39. b4 Ra1+ 40. Kg2
Bd5+ 41. Kf2 Ne4+ 42. Nxe4 fxe4+ 43. Ke2 Ra3 44. b5 Bc4+ 0-1

[Event "Club Championships"]
[Site "Wellington Chess Club"]
[Date "2014.10.30"]
[Round "6"]
[White "Perry, Roger"]
[Black "Stone, Andrew"]
[Result "0-1"]
[WhiteElo "2098"]
[BlackElo "2058"]

1. e4 e5 2. Nf3 Nc6 3. d4 exd4 4. Nxd4 Bc5 5. Nb3 Bb6 6. Nc3 Qf6 7. Qe2 Nge7 8.
Be3 O-O 9. O-O-O d6 10. f3 Be6 11. g4 Ne5 12. Nd2 Bxe3 13. Qxe3 N7g6 14. Bd3
Qf4 15. Qe2 c6 16. Rdf1 Rad8 17. h4 d5 18. exd5 Nxd3+ 19. cxd3 Bxd5 20. Re1 Qd4
21. Qe3 Be6 22. Nde4 Ne5 23. Qxd4 Rxd4 24. Re3 Nxd3+ 25. Kb1 Rfd8 26. Ng5 Bc8
27. a3 h6 28. Nge4 f5 29. gxf5 Bxf5 30. Rd1 Nf4 31. Rxd4 Rxd4 32. Kc2 Ng2 33.
Rd3 Ne1+ 0-1

[Event "Club Championships"]
[Site "Wellington Chess Club"]
[Date "2014.10.30"]
[Round "6"]
[White "Phillips, Cameron"]
[Black "Aumeier, Beate"]
[Result "0-1"]
[WhiteElo "1192"]
[BlackElo "1228"]

1. e4 e5 2. Nf3 Nc6 3. Nc3 Bc5 4. Bb5 Nf6 5. Bxc6 bxc6 6. Nxe5 d6 7. Nf3 Ng4 8.
d4 Bb6 9. O-O h6 10. h3 Nf6 11. Re1 O-O 12. d5 Bb7 13. dxc6 Bxc6 14. e5 Nh7 15.
Bf4 Bc5 16. Nd4 Qh4 17. Bg3 Qxd4 18. Qxd4 Bxd4 19. Rad1 Bxc3 20. bxc3 d5 21. e6
fxe6 22. Rxe6 Bd7 23. Re7 Rf7 24. Rxf7 Kxf7 25. Bxc7 Rc8 26. Bg3 Be6 27. f3
Rxc3 28. Rd2 Ra3 29. c3 Rxc3 30. Rb2 Bc8 31. Be1 Rc1 0-1

[Event "Club Championships"]
[Site "Wellington Chess Club"]
[Date "2014.10.30"]
[Round "6"]
[White "Roberts, Michael"]
[Black "Wilkins, Mark"]
[Result "0-1"]
[WhiteElo "1761"]
[BlackElo "1886"]

1. e4 c6 2. d4 d5 3. e5 Bf5 4. Bd3 Bxd3 5. Qxd3 e6 6. Ne2 Nd7 7. O-O c5 8. c3
Qb6 9. a4 g6 10. a5 Qc6 11. Na3 c4 12. Qh3 Ne7 13. Nc2 Bg7 14. Ne3 h5 15. f4
Nf5 16. Nxf5 gxf5 17. Qf3 Nf8 18. Ng3 h4 19. Nh5 Rh7 20. Nxg7+ Rxg7 21. Kh1
O-O-O 22. Bd2 Ng6 23. Rfb1 Rdg8 24. b3 Ne7 25. bxc4 Rxg2 26. cxd5 Nxd5 27. Rg1
h3 28. Rxg2 Rxg2 29. Rd1 Qc4 30. Be1 Qe2 31. Qxe2 Rxe2 32. Bg3 Rc2 33. Kg1 Nxc3
34. Rd3 Ne4 35. Be1 Rg2+ 36. Kh1 Re2 37. Rd1 Re3 38. Kg1 Rf3 39. Rc1+ Kb8 40.
Rb1 Rxf4 41. Rb3 Ng5 42. Bb4 Nf3+ 43. Kh1 Nxd4 44. Rxh3 Nc6 45. Bd6+ Kc8 46.
Rh7 Nd8 47. Rh8 Kd7 48. Bc5 a6 49. Bb6 Nc6 50. Rh7 Nxe5 0-1

[Event "Club Championships"]
[Site "Wellington Chess Club"]
[Date "2014.10.30"]
[Round "6"]
[White "Scarlett, William"]
[Black "Meravanage, Satwik"]
[Result "1/2-1/2"]
[WhiteElo "1255"]
[BlackElo "1238"]

1. f4 d5 2. c4 e6 3. Nc3 Nf6 4. Nf3 Bd6 5. d4 c6 6. c5 Bc7 7. e3 Nbd7 8. b4 Ne4
9. Nxe4 dxe4 10. Ng5 Nf6 11. Qc2 Qd5 12. Bc4 Qf5 13. O-O h6 14. Nh3 Qg6 15. Bb2
1/2-1/2

[Event "Club Championships"]
[Site "Wellington Chess Club"]
[Date "2014.10.30"]
[Round "6"]
[White "Sellen, Ian"]
[Black "Dive, Russell"]
[Result "0-1"]
[WhiteElo "2075"]
[BlackElo "2440"]

1. c4 e5 2. Nc3 Nc6 3. Nf3 g6 4. g3 Bg7 5. Bg2 f5 6. d3 Nf6 7. O-O O-O 8. e4 d6
9. Nd5 fxe4 10. Nxf6+ Qxf6 11. dxe4 Bg4 12. Qd5+ Kh8 13. Bg5 Qf7 14. Qxf7 Rxf7
15. Nd2 Be2 16. Rfe1 Nd4 17. Be3 Bd3 18. Bf1 Bxf1 19. Rxf1 Nc2 20. Rac1 Nxe3
21. fxe3 Kg8 22. Rxf7 Kxf7 23. Rf1+ Ke6 24. Rf3 a5 25. Kf2 a4 26. Ke2 c6 27. b3
Bf6 28. g4 axb3 29. axb3 Ra2 30. Kd1 Bd8 31. Kc1 Ba5 32. Rf2 Bxd2+ 33. Rxd2
Ra1+ 34. Kc2 Rg1 35. Kd3 Rxg4 0-1

[Event "Club Championships"]
[Site "Wellington Chess Club"]
[Date "2014.10.30"]
[Round "6"]
[White "Sole, Michael"]
[Black "Dixon, Hamish"]
[Result "1-0"]
[WhiteElo "1746"]
[BlackElo "1500"]

1. e4 c5 2. Nf3 Nc6 3. d4 cxd4 4. Nxd4 d6 5. Nc3 Nf6 6. Bg5 e6 7. f4 Be7 8. g4
Qa5 9. Nb3 Qb6 10. Bb5 a6 11. Bxc6+ Qxc6 12. Qf3 b5 13. O-O-O b4 14. Nd4 Qc4
15. Nb1 Qxa2 16. e5 Nd5 17. Bxe7 Kxe7 18. exd6+ Kxd6 19. f5 Re8 20. Rhe1 Ra7
21. Nb3 Rc7 22. Rxd5+ 1-0

[Event "Club Championships"]
[Site "Wellington Chess Club"]
[Date "2014.10.30"]
[Round "6"]
[White "Stracy, Don"]
[Black "Stoeveken, Peter"]
[Result "0-1"]
[WhiteElo "1855"]
[BlackElo "1856"]

1. e4 e6 2. d4 d5 3. Nd2 dxe4 4. Nxe4 Nc6 5. Nf3 Be7 6. Bd3 Nf6 7. O-O Bd7 8.
Bg5 Nxe4 9. Bxe7 Qxe7 10. Bxe4 O-O-O 11. c3 f5 12. Bd3 g5 13. Qc2 g4 14. Ne5
Nxe5 15. dxe5 h5 16. Rad1 h4 17. Qe2 h3 18. g3 Qc5 19. Rfe1 f4 20. gxf4 g3 21.
Qe3 gxf2+ 22. Kxf2 Qa5 23. a3 Rdf8 24. Ke2 Rh4 25. Rf1 Qa4 26. Kd2 Kb8 27. f5
exf5 28. e6 Bb5 29. Qc5 Rd8 30. Rf3 Bxd3 31. Kc1 Qc2# 0-1

[Event "Club Championships"]
[Site "Wellington Chess Club"]
[Date "2014.10.30"]
[Round "6"]
[White "Timergazi, Layla"]
[Black "Croad, Nicolas"]
[Result "0-1"]
[WhiteElo "2071"]
[BlackElo "2368"]

1. e4 c5 2. Nc3 Nc6 3. f4 g6 4. Nf3 Bg7 5. g3 e6 6. Bg2 Nge7 7. O-O O-O 8. d3
Rb8 9. Be3 Nd4 10. e5 Nef5 11. Bf2 d6 12. g4 Nxf3+ 13. Bxf3 Nd4 14. exd6 Qxd6
15. Be3 Nxf3+ 16. Qxf3 b6 17. Rae1 Bb7 18. Qh3 f5 19. g5 Qc6 20. Qg3 Rbe8 21.
h4 e5 22. Ne2 Rf7 23. Kf2 Rfe7 24. Rh1 exf4 25. Nxf4 Rxe3 0-1

[Event "Club Championships"]
[Site "Wellington Chess Club"]
[Date "2014.10.30"]
[Round "6"]
[White "Wight, Joshua"]
[Black "Asplet, Mike"]
[Result "0-1"]
[WhiteElo "1204"]
[BlackElo "1566"]

1. e4 e5 2. Nf3 Nc6 3. Bc4 Bc5 4. d3 Nf6 5. O-O O-O 6. Nc3 d6 7. Bg5 Be6 8. Nd5
Bxd5 9. Bxd5 Nb4 10. Bc4 d5 11. Bxf6 Qxf6 12. exd5 Rad8 13. Qe2 e4 14. dxe4
Qxb2 15. Bd3 Rfe8 16. Rfb1 Qf6 17. Re1 Nxd5 18. Qd2 Bb4 19. Qg5 Qxg5 20. Nxg5
Bxe1 21. Rxe1 h6 22. Nf3 Nc3 23. a3 Kf8 24. Nd2 f6 25. Nc4 Nxe4 26. f3 Nc5 27.
Rxe8+ Rxe8 28. Kf2 Nxd3+ 29. cxd3 Re6 30. f4 f5 31. Ne5 Ra6 32. Nc4 b5 33. Ne5
Rxa3 0-1

[Event "Club Championships"]
[Site "Wellington Chess Club"]
[Date "2014.11.06"]
[Round "7"]
[White "Aldridge, Alan"]
[Black "Roberts, Michael"]
[Result "1/2-1/2"]
[WhiteElo "1951"]
[BlackElo "1761"]

1. e4 e5 2. Nf3 Nf6 3. Nc3 Bb4 4. Bc4 d6 5. h3 O-O 6. Qe2 c6 7. O-O Nbd7 8. d3
Nc5 9. Bg5 b5 10. Bb3 Nxb3 11. axb3 h6 12. Bh4 Re8 13. Nd1 Bd7 14. c3 Bc5 15.
b4 Bb6 16. Ne3 g5 17. Bg3 Qe7 18. Kh1 Kh7 19. Nh2 Rg8 20. Neg4 Nxg4 21. Nxg4
Bxg4 22. Qxg4 Qe6 23. Qxe6 fxe6 24. d4 exd4 25. Bxd6 dxc3 26. bxc3 e5 27. Bxe5
Rge8 28. Bd4 Bxd4 29. cxd4 Rxe4 30. Rfd1 Kg6 31. Ra6 Re6 32. d5 Rf6 33. Rxc6
Rd8 34. Rc5 a6 35. f3 Rfd6 36. Re1 Rxd5 37. Rxd5 Rxd5 38. Re6+ Kg7 39. Re4 Rd6
1/2-1/2

[Event "Club Championships"]
[Site "Wellington Chess Club"]
[Date "2014.11.06"]
[Round "7"]
[White "Aumeier, Beate"]
[Black "Baker, Jack"]
[Result "0-1"]
[WhiteElo "1228"]
[BlackElo "1396"]

1. e4 e5 2. Nf3 Nc6 3. Bc4 Nd4 4. d3 Nxf3+ 5. Qxf3 Nf6 6. Nc3 d6 7. h3 b6 8.
Nd5 c6 9. Ne3 Be7 10. Bd2 O-O 11. Nf5 a5 12. Qg3 Bxf5 13. exf5 b5 14. Bh6 Ne8
0-1

[Event "Club Championships"]
[Site "Wellington Chess Club"]
[Date "2014.11.06"]
[Round "7"]
[White "Croad, Nicolas"]
[Black "Nyberg, Michael"]
[Result "1-0"]
[WhiteElo "2368"]
[BlackElo "2081"]

1. d4 d5 2. c4 e5 3. dxe5 d4 4. Nf3 Nc6 5. Nbd2 Nge7 6. a3 Ng6 7. Nb3 Be6 8.
Nbxd4 Nxd4 9. Nxd4 Bc5 10. e3 Nxe5 11. Nxe6 Qxd1+ 12. Kxd1 fxe6 13. Be2 O-O-O+
14. Kc2 Kb8 15. f4 Ng6 16. g3 Rhf8 17. h4 a5 18. Bd3 Ne7 19. g4 h6 20. Bd2 Rd7
21. Rad1 Rfd8 22. Be4 Ng8 23. Bc1 Nf6 24. Bf3 Ne8 25. Rxd7 Rxd7 26. Rd1 Rxd1
27. Bxd1 Nd6 28. Kd3 Kc8 29. Bd2 Bb6 30. h5 Kd7 31. Bc3 Ne8 32. g5 Ke7 33. Bxg7
$3 hxg5 34. fxg5 Kf7 35. Be5 Bc5 36. g6+ Kf8 37. h6 Bd6 38. g7+ Kg8 39. Bg4 1-0

[Event "Club Championships"]
[Site "Wellington Chess Club"]
[Date "2014.11.06"]
[Round "7"]
[White "Dive, Russell"]
[Black "Forster, Bill"]
[Result "1-0"]
[WhiteElo "2440"]
[BlackElo "2081"]

1. Nf3 c5 2. g3 Nc6 3. d4 cxd4 4. Nxd4 g6 5. Bg2 Bg7 6. Nb3 Nf6 7. c4 O-O 8.
O-O d6 9. Nc3 Be6 10. Nd5 Bxd5 11. cxd5 Ne5 12. Be3 Nc4 13. Bd4 a5 14. a4 Rc8
15. Qd3 Nd7 16. Bxg7 Kxg7 17. Rfc1 Nde5 18. Qd4 Qb6 19. Qxb6 Nxb6 20. Nxa5
Rxc1+ 21. Rxc1 Nxa4 22. b4 Kf6 23. f4 Ng4 24. Bf3 h5 25. h3 Ne3 26. Kf2 Nf5 27.
Rc7 Nd4 28. Rxb7 Nc3 29. e4 Ra8 30. g4 Nxf3 31. Kxf3 Na2 32. g5+ Kg7 33. Nc6
Ra3+ 34. Kg2 Nc1 35. Rxe7 Nd3 36. h4 Nxf4+ 37. Kf2 Nd3+ 38. Ke2 Ne5 39. Nxe5
dxe5 40. d6 Kf8 41. Rxe5 Ra6 42. d7 1-0

[Event "Club Championships"]
[Site "Wellington Chess Club"]
[Date "2014.11.06"]
[Round "7"]
[White "Farrington, Lawrence"]
[Black "Rossiter, Philip"]
[Result "0-1"]
[WhiteElo "1852"]
[BlackElo "1922"]

1. e4 e6 2. d4 d5 3. Nc3 Bb4 4. e5 Ne7 5. a3 Bxc3+ 6. bxc3 c5 7. Qg4 O-O 8. Bd3
c4 9. Be2 f6 10. exf6 Rxf6 11. Bg5 Rf7 12. Nf3 Nbc6 13. Ne5 Nxe5 14. dxe5 Qa5
15. Bd2 Bd7 16. O-O Raf8 17. f4 Nf5 18. g3 Qc5+ 19. Rf2 Ba4 20. Bd1 Qb6 21. Qe2
Qb2 22. Rc1 Qxa3 23. Be3 d4 24. Bd2 Qc5 25. cxd4 Qxd4 26. c3 Bxd1 27. Rxd1 Qd3
28. Ra1 Qxe2 29. Rxe2 a6 30. Kf2 Rd8 31. Ra4 Rfd7 32. Ke1 Rc8 33. Re4 Rdc7 34.
g4 Ne7 35. Rd4 Kf7 36. h4 g6 37. Kd1 h5 38. gxh5 gxh5 39. Be1 Nf5 40. Rd2 Rg8
41. Raa2 Rg4 42. Bf2 Rxf4 43. Bb6 Rc6 44. Rd7+ Kg6 45. Rxb7 Rxh4 46. Rg2+ Rg4
47. Rxg4+ hxg4 48. Rb8 Kg5 49. Ke2 Kf4 50. Bg1 Kxe5 51. Rg8 g3 52. Rg4 Kd5 53.
Kd2 Rc8 54. Kc2 Rh8 55. Bd4 Rh2+ 56. Kb1 Nxd4 57. Rxd4+ Kc5 0-1

[Event "Club Championships"]
[Site "Wellington Chess Club"]
[Date "2014.11.06"]
[Round "7"]
[White "Ker, Anthony"]
[Black "Perry, Roger"]
[Result "1-0"]
[WhiteElo "2435"]
[BlackElo "2098"]

1. e4 e5 2. Nf3 Nc6 3. d4 exd4 4. Nxd4 Nf6 5. Nxc6 bxc6 6. e5 Qe7 7. Qe2 Nd5 8.
c4 Ba6 9. b3 g6 10. g3 Bg7 11. Bb2 O-O 12. Bg2 Rae8 13. O-O Bxe5 14. Qxe5 Qxe5
15. Bxe5 Rxe5 16. cxd5 Bxf1 17. Kxf1 cxd5 18. Nc3 c6 19. Rd1 Rfe8 20. Bf3 Kf8
21. Ne2 Ke7 22. Rd4 Kd6 23. Ra4 Ra8 24. b4 a6 25. Ke1 Kc7 26. Kd2 Kb6 27. Nf4
d6 28. Ra5 Ra7 29. Nd3 Re8 30. Be2 Re4 31. f3 Re8 32. Nb2 Re5 33. Na4+ Kb7 34.
f4 Re4 35. a3 f5 36. Nc3 Re8 37. Bd3 Kb6 38. Ne2 Ree7 39. Nd4 Re8 40. Bc2 Ree7
41. Ba4 Rec7 42. Nxc6 Rxc6 43. Bxc6 Kxc6 44. b5+ Kc5 45. Rxa6 Rb7 46. a4 Re7
47. b6 Kc6 48. Ra7 Re4 49. a5 Ra4 50. Rc7+ 1-0

[Event "Club Championships"]
[Site "Wellington Chess Club"]
[Date "2014.11.06"]
[Round "7"]
[White "List, Robert"]
[Black "Sole, Michael"]
[Result "1-0"]
[WhiteElo "1724"]
[BlackElo "1746"]

1. f4 d5 2. b3 Nf6 3. Nf3 Nc6 4. Bb2 e6 5. e3 Be7 6. Bd3 Nb4 7. Be2 c5 8. a3
Nc6 9. O-O O-O 10. Bd3 Re8 11. Ng5 d4 12. e4 e5 13. f5 h6 14. Nh3 a6 15. g4 Nh7
16. Kh1 b5 17. Qf3 Bb7 18. c3 Qd6 19. c4 b4 20. a4 Na5 21. Bc2 Rad8 22. d3 Qf6
23. Nd2 Qd6 24. Qg3 Rb8 25. Rf3 Bf6 26. Rg1 Qd8 27. Rff1 Bh4 28. Qg2 Ng5 29.
Nxg5 Bxg5 30. Nf3 Be3 31. g5 Bxg1 32. gxh6 Qf6 33. Rxg1 Qxh6 34. Bc1 Qh8 35.
Qg3 f6 36. Nh4 Rbd8 37. Qg6 Qh7 38. Qxf6 Rf8 39. Qe6+ Rf7 40. Bh6 Kf8 41. Ng6+
Kg8 42. Nxe5 Rf8 43. Rxg7+ Qxg7 44. Bxg7 Kxg7 45. Qg6+ Kh8 46. Nxf7+ Rxf7 47.
Qxf7 Nxb3 48. Qf6+ Kg8 49. Qd8+ Kh7 50. Qc7+ Kh8 51. Qxb7 Kg8 52. e5 Kf8 53. e6
Kg8 54. f6 Kf8 1-0

[Event "Club Championships"]
[Site "Wellington Chess Club"]
[Date "2014.11.06"]
[Round "7"]
[White "Meravanage, Satwik"]
[Black "Bennett, Ezra"]
[Result "1-0"]
[WhiteElo "1238"]
[BlackElo "1236"]

1. e4 e5 2. Nf3 Nc6 3. Nc3 d6 4. d3 Nf6 5. Be3 Be6 6. Be2 d5 7. exd5 Nxd5 8.
Nxd5 Bxd5 9. O-O Bd6 10. c4 Be6 11. Ng5 Qd7 12. f4 h5 13. fxe5 Bxe5 14. Nxe6
fxe6 15. Bxh5+ Kd8 16. Qg4 Qxd3 17. Rad1 Qxd1 18. Rxd1+ Ke7 19. Qg5+ Kf8 20.
Rf1+ Bf6 21. Rxf6+ Kg8 22. Bf7+ Kf8 23. Bc5+ Ne7 24. Bxe6+ Ke8 25. Rf7 1-0

[Event "Club Championships"]
[Site "Wellington Chess Club"]
[Date "2014.11.06"]
[Round "7"]
[White "Nicholls, Alistair"]
[Black "Stracy, Don"]
[Result "1-0"]
[WhiteElo "1850"]
[BlackElo "1855"]

1. e4 c5 2. d4 cxd4 3. c3 dxc3 4. Nxc3 a6 5. Nf3 e6 6. Bc4 b5 7. Bb3 Bb7 8. Qe2
d6 9. O-O Nd7 10. Rd1 b4 11. Na4 Ngf6 12. Bg5 Be7 13. Bxf6 Nxf6 14. e5 Nd5 15.
Rac1 O-O 16. exd6 Bxd6 17. Nc5 Bxc5 18. Rxc5 Rc8 19. Rxc8 Qxc8 20. Qe5 Qb8 21.
Qg5 Qf4 22. Rxd5 Qxg5 23. Rxg5 Rc8 24. h3 Rc1+ 25. Kh2 Kf8 26. Nd2 h6 27. Ra5
{and white won} 1-0

[Event "Club Championships"]
[Site "Wellington Chess Club"]
[Date "2014.11.06"]
[Round "7"]
[White "Nijman, Brian"]
[Black "Timergazi, Layla"]
[Result "0-1"]
[WhiteElo "2180"]
[BlackElo "2071"]

1. d4 Nf6 2. Nc3 d5 3. Bg5 Bf5 4. Bxf6 gxf6 5. e3 c6 6. Nge2 e5 7. Ng3 Bg6 8.
Be2 Bb4 9. O-O Qa5 10. Nb1 Nd7 11. f4 h6 12. f5 Bh7 13. Nh5 Bd6 14. Kh1 Qc7 15.
g4 O-O-O 16. c3 Rhg8 17. Rf2 Rde8 18. Nd2 exd4 19. exd4 Re3 20. Nf1 Rh3 21. Rf3
Rh4 22. h3 Rgxg4 23. Re3 Re4 24. Rxe4 Rxe4 25. Bg4 Bf4 26. Nd2 Re3 27. Qf1 Bg5
28. Qf2 Re7 29. Nf1 Re4 30. Nfg3 Re7 31. Re1 Qd8 32. Nf1 Qe8 33. Rxe7 Qxe7 34.
Kh2 Qe4 35. Nfg3 Qb1 36. b4 Qd3 37. Qf3 Qd2+ 38. Qe2 Kd8 39. Qxd2 Bxd2 40. Ne2
Ke7 41. Nhg3 Nb6 42. Nf1 Be1 43. Ne3 Na4 44. Nd1 h5 45. Bxh5 Bxf5 46. Kg2 Bc2
47. Ne3 Be4+ 48. Bf3 Bxf3+ 49. Kxf3 Bxc3 50. b5 Bd2 51. bxc6 bxc6 52. Nf5+ Kf8
53. h4 Nb6 54. h5 Nc8 55. Nf4 Ne7 56. Nd6 Bxf4 57. Kxf4 Kg7 58. Nf5+ Nxf5 59.
Kxf5 Kh6 60. Kxf6 Kxh5 61. Kxf7 Kg5 62. Ke6 Kf4 63. Kd6 Ke4 64. Kc5 Kd3 65. a4
a5 66. Kb6 Kxd4 67. Kxa5 Kc5 68. Ka6 d4 0-1

[Event "Club Championships"]
[Site "Wellington Chess Club"]
[Date "2014.11.06"]
[Round "7"]
[White "Stone, Andrew"]
[Black "Sellen, Ian"]
[Result "1-0"]
[WhiteElo "2058"]
[BlackElo "2075"]

{This week Andrew Stone steps up to the plate and analyses a nice win against
Ian Sellen. Thanks Andrew!} 1. e4 c5 2. d4 cxd4 3. c3 dxc3 4. Nxc3 Nc6 5. Bc4
d6 6. Nf3 e6 7. O-O Be7 8. Qe2 Bd7 9. Rd1 a6 10. a4 Qc7 11. Bf4 Ne5 12. Bxe5
dxe5 13. Rac1 ( {Computer suggested} 13. Rxd7 Kxd7 (13... Qxd7 14. Bb5 axb5 15.
Nxe5 Qc8 16. Qxb5+ Kf8 17. Nd7+ Ke8 18. Nb6+ Qc6 19. Nxa8 Qxb5 20. Nc7+ Kd7 21.
N7xb5 { White comes out ahead} ) 14. Rc1 Rd8 {but I wasn't that brave} ) 13...
Nf6 {#Diagram} 14. Bxe6 fxe6 (14... Bxe6 15. Nd5 Qb8 16. Nc7+ Kf8 {with
complications} ) 15. Nd5 Nxd5 16. Rxc7 Nxc7 {with two pieces and a rook for a
queen, black has material advantage. However, I thought after} 17. Nxe5 { I had
plenty of play for the material deficit} 17... O-O-O {#Diagram Confession here,
when I played 14.Bxe6, I calculated up till 17.Nxe5 and thought that 18.Qh5+
was inevitable and white had devastating play. I seriously did not consider
17... 0-0-0 was an option!} 18. Nf7 {Luckily I get some material back} 18...
Bxa4 19. Rc1 { Computer seem to think swapping off both rooks is slightly
better than my move here but I wasn't keen playing Queen vs 3pieces} 19... Rhf8
20. Nxd8 Rxd8 (20... Kxd8 21. Qd2+ Kc8 22. Qc3 Bc6 23. Qxg7 $18) 21. Qg4
{#Diagram I was a bit glad after this move as I was going to be able to mop up
some pawns while the black pieces still have a bit of untangling to do} 21...
Bc6 22. Qxg7 Bc5 23. h4 (23. Rxc5 Rd1#) 23... Bd4 24. Qxh7 Bxb2 25. Rc2 Be5 26.
g3 Kb8 27. f4 Rh8 28. Qg6 Bd4+ 29. Kh2 e5 $6 30. Kh3 $6 (30. f5 Bxe4 31. Rxc7
Kxc7 32. Qg7+) 30... exf4 31. gxf4 Re8 32. e5 Bd7+ {#Diagram} 33. Kh2 $2 {I was
scared of}  (33. Kg3 Be6 { With threat of Rg8 but of course} 34. Rxc7 Rg8 35.
Rg7) 33... Be3 34. Kg3 { I did finally see the above variation after Ian played
Be3} 34... Rf8 $2 (34... Ne6 35. Rc4 b5 36. Re4 Bc5 { Still advantage to white
but black has bit of fight left} ) 35. Rxc7 Bxf4+ 36. Kg2 Bc8 (36... Kxc7 37.
Qd6+) 37. Qd6 $1 {Ed: Threatening the rook and a devastating discovery and of
course giving check doesn't help}  (37. Qd6 Rg8+ 38. Rg7+) 1-0

[Event "Club Championships"]
[Site "Wellington Chess Club"]
[Date "2014.11.13"]
[Round "8"]
[White "Brockway, Andrew"]
[Black "Rossiter, Philip"]
[Result "1-0"]
[WhiteElo "1784"]
[BlackElo "1922"]

{I almost missed this one, Andrew Brockway found a simple but easily missed
brilliant winning combo against Philip Rossiter. Lovely work Andrew!} 1. e4 c5
2. Nc3 Nc6 3. Bb5 Nd4 4. Bc4 e6 5. Nge2 Be7 6. d3 a6 7. Nxd4 cxd4 8. Ne2 e5 9.
O-O Nf6 10. f4 d6 11. Qe1 Qc7 12. fxe5 dxe5 13. Bg5 O-O 14. Qh4 Qc6 15. Ng3 h6
16. Bxf6 Bxf6 17. Qh5 Be6 {#Diagram} 18. Rxf6 $3 gxf6 19. Qxh6 {The threat of
Nh5 and Qg7 mate is unstoppable.} 19... Bg4 20. Qg6+ Kh8 21. Qxg4 f5 22. Qh5+
Kg8 23. Nxf5 Qf6 24. Rf1 1-0